000 00695cam a2200193 4500500
005 20260405004012.0
041 _afre
042 _adc
100 1 0 _aDegiovanni, Clara
_eauthor
245 0 0 _aLa guérison, une promesse démesurée ? La philosophe Laurence Devillairs a lu pour vous “Guérir”, de la médecin et anthropologue Aline Mercan
260 _c2026.
500 _a51
690 _aGuérison
690 _aLaurence Devillairs
690 _aMédecine
690 _aSanté
786 0 _nPhilosophie magazine | 197 | 2 | 2026-02-01 | p. 138-141 | 1951-1787
856 4 1 _uhttps://shs.cairn.info/magazine-philosophie-magazine-2026-2-page-138?lang=fr&redirect-ssocas=7080
999 _c2072810
_d2072810